Presidents from Behind Quiz Stats

Quiz Updated Sep 1, 2017

Challenge
Share
Tweet
Score 0/19 Timer 05:00
0 Plays Today
% Correct
Barack Obama
99.8%
Richard Nixon
95.2%
Bill Clinton
94.6%
George W. Bush
94.1%
Ronald Reagan
88.8%
George H.W. Bush
88.7%
John F. Kennedy
88.2%
Jimmy Carter
85.6%
Lyndon Johnson
82.5%
Ulysses Grant
81.1%
% Correct
Dwight D. Eisenhower
80.1%
Gerald Ford
78.5%
Donald Trump
75.8%
Franklin D. Roosevelt
75.6%
Harry Truman
67%
Calvin Coolidge
60%
Herbert Hoover
52.7%
Grover Cleveland
51%
Theodore Roosevelt
51%

You're not logged in!

Compare scores with friends on all Sporcle quizzes.
Join for Free
OR
Log In

You Might Also Like...

Show Comments

Extras

Top Quizzes Today


Score Distribution

Your Account Isn't Verified!

In order to create a playlist on Sporcle, you need to verify the email address you used during registration. Go to your Sporcle Settings to finish the process.

Report this User

Report this user for behavior that violates our Community Guidelines.

Details: